000 01389nam a2200433 i 4500
001 52238
003 KOSZ 005
005 20221006123937.0
008 070105s2007 pl a e f |000 0 pol
015 _aUWD 2007/5762
020 _a8320816483
035 _a991031945569705066
035 _a(PL-WaBN)b18580737-48omnis_nlop
035 _ab18580737
035 _a(OCoLC)750023505
035 _azz2006974377
035 _a(PL)b0000001858073
035 _a(EXLNZ-48OMNIS_NETWORK)9910428805505606
040 _aWA N
_cWA N
_dKOSZ 005/HR
046 _k2007
080 _a336.761
080 _a(075.8)
100 1 _aKulpaka, Paweł
_eAutor
245 1 0 _aGiełdy w gospodarce /
_cPaweł Kulpaka.
260 _aWarszawa :
_bPolskie Wydawnictwo Ekonomiczne,
_c2007.
300 _a163 s. :
_bil. ;
_c24 cm.
336 _aTekst
_btxt
_2rdacontent
337 _aBez urządzenia pośredniczącego
_bn
_2rdamedia
338 _aWolumin
_bnc
_2rdacarrier
380 _aKsiążki
388 _a2001-
650 7 _aGiełda papierów wartościowych
_2DBN
655 7 _aPodręczniki akademickie
_2DBN
658 _aGospodarka, ekonomia, finanse
710 2 _aPolskie Wydawnictwo Ekonomiczne
_4pbl
856 _uhttp://koha.tu.koszalin.pl/cgi-bin/koha/opac-detail.pl?biblionumber=52238
_yKatalog online BPK
942 _2UKD
_cKS
999 _c52238
_d52238